| LEADER |
00962nam0a2200193 450 |
| 001 |
16848139 |
| 010 |
|
|
|a 978-2-7027-1406-5
|b br.
|d 15
|
| 100 |
|
|
|a 20130121d2013 u u0frey01 ba
|
| 101 |
0 |
|
|a fre
|
| 102 |
|
|
|a FR
|
| 200 |
0 |
|
|a Pour en finir avec l'enfer familial
|f Yvonne Poncet-Bonissol
|
| 205 |
|
|
|a Nouvelle édition
|
| 207 |
|
1 |
|a
|
| 215 |
|
|
|a 1 vol. (166 p.)
|d 24 x 17 cm
|
| 330 |
|
|
|a L'auteure, psychoclinicienne, s'attaque ici à la question du conjoint et parent pervers narcissique, aux difficultés relationnelles engendrées au sein de l'univers familial. Elle tente d'aider à trouver les raisons de la souffrance et à sortir de cette situation qui se perpétue comme un modèle de comportement inconscient parfois sur des générations.
|
| 700 |
|
0 |
|a Poncet-Bonissol
|b Yvonne
|4 70
|
| 900 |
|
|
|a Documentaire
|
| 901 |
|
|
|a Accessible au prêt
|
| 995 |
|
|
|a Bibliothèque
|c Bibliothèque
|f 00156009365289
|h 00156009365289
|k 155.646 PON
|o p
|q a
|r az
|e Bibliothèque
|